Countries Containing "F" - Statistics

General Stats
  • This quiz has been taken 338 times
    335 since last reset
  • The average score is 5 of 7
Answer Stats
Answer % Correct
France
93%
Finland
92%
Fiji
88%
Afghanistan
81%
Burkina Faso
61%
South Africa
56%
Central African Republic
48%
No matching quizzes found
Score Distribution
Percent of People with Each Score
Percentile by Number Answered
Your Score History
You have not taken this quiz since the last reset